| 000 | 00474nam a22001457a 4500 | ||
|---|---|---|---|
| 005 | 20180801120645.0 | ||
| 020 |
_a0070445117 _c000.00 |
||
| 035 | _aB-061494, B-061493 | ||
| 100 | _aSatterlee,Michael | ||
| 245 |
_aCCIE Lab Practice Kit _cby Michael Satterlee [and] Stephen Hutnik |
||
| 260 |
_aNew Delhi _bTata Mcgraw-Hill _c2001 |
||
| 300 |
_axvi, 571p. _c23cms |
||
| 700 |
_aHutnik, Stephen _942168 |
||
| 942 |
_2ddc _cEN _h005.754 _mSAT |
||
| 999 |
_c62885 _d62885 |
||